[Event "ICS rated standard match"]
[Site "204.178.125.65"]
[Date "2000.10.16"]
[Round "?"]
[White "Hossa"]
[Black "Interceptor"]
[Result "0-1"]
[WhiteElo "2370"]
[BlackElo "2540"]
[PlyCount "120"]
[EventDate "2000.??.??"]

1. e4 c5 2. Nf3 d6 3. d4 cxd4 4. Nxd4 Nf6 5. Nd2 e5 6. N4f3 Nc6 7. Bd3 Be7 8.
O-O Bg4 9. c3 O-O 10. Nc4 d5 11. exd5 Qxd5 12. Ne3 Qd7 13. Nxg4 Qxg4 14. h3 Qd7
15. Qe2 Rad8 16. Bb5 e4 17. Ng5 Qf5 18. Re1 Bc5 19. Ba4 Ne5 20. Bc2 Nd3 21.
Bxd3 Rxd3 22. Nxe4 Qxe4 23. Qxe4 Nxe4 24. Rxe4 Rd1+ 25. Kh2 Bxf2 26. g3 f5 27.
Re2 Be1 28. Kg2 h6 29. Rc2 Rfd8 30. g4 fxg4 31. hxg4 R8d3 32. Kf1 Bxc3+ 33. Ke2
Be5 34. Rb1 Rd7 35. Rc4 Rg1 36. Kf2 Rdd1 37. b3 Rde1 38. Kf3 Bf6 39. Rc7 Bh4
40. Bxh6 Rgf1+ 41. Kg2 Rxb1 42. Be3 Rf7 43. Rc2 b6 44. g5 Kh7 45. Kh3 Rh1+ 46.
Kg2 Re1 47. Bc1 Kg6 48. Kh2 Rfe7 49. Kh3 Bxg5 50. Bxg5 Kxg5 51. Rg2+ Kh5 52.
Rf2 R7e2 53. Rf8 Rd1 54. Kg3 Rd3+ 55. Rf3 Rxf3+ 56. Kxf3 Rxa2 57. Kg3 g5 58.
Kf3 g4+ 59. Ke3 g3 60. Ke4 g2 {Hossa resigns} 0-1

[Event "ICS Rated blitz match"]
[Site "204.178.125.65"]
[Date "2000.10.16"]
[Round "?"]
[White "Interceptor"]
[Black "Hossa"]
[Result "1-0"]
[WhiteElo "2723"]
[BlackElo "2533"]
[PlyCount "91"]
[EventDate "2000.??.??"]

1. Nf3 d5 2. g3 Nf6 3. c4 dxc4 4. Qa4+ Nc6 5. Bg2 Bd7 6. Qxc4 e6 7. d4 Na5 8.
Qd3 Bb4+ 9. Bd2 Bxd2+ 10. Nbxd2 O-O 11. O-O a6 12. Ne5 Bb5 13. Qc3 c5 14. dxc5
Bxe2 15. Rfe1 Bb5 16. b4 Nc6 17. a4 Nxe5 18. axb5 Nd3 19. Red1 Nxf2 20. Kxf2
axb5 21. Bxb7 Rb8 22. Bf3 Qc7 23. Kg1 Rfd8 24. Nb3 Re8 25. Na5 Kh8 26. Nc6 Ra8
27. Rxa8 Rxa8 28. Qe5 Qb7 29. Nd4 Qb8 30. Qxb8+ Rxb8 31. c6 Ne8 32. Nxb5 h6 33.
Nd6 Nc7 34. Nxf7+ Kg8 35. Rd7 Nb5 36. Be2 Nc3 37. c7 Rf8 38. Bc4 Rc8 39. Rd8+
Rxd8 40. cxd8=Q+ Kxf7 41. Qd7+ Kg8 42. Qe8+ Kh7 43. Bd3+ Ne4 44. Bxe4+ g6 45.
Qxg6+ Kh8 46. Qh7# {Hossa checkmated} 1-0

[Event "ICS rated blitz match"]
[Site "204.178.125.65"]
[Date "2000.10.16"]
[Round "?"]
[White "Hossa"]
[Black "Zippy"]
[Result "0-1"]
[WhiteElo "2525"]
[BlackElo "2370"]
[PlyCount "126"]
[EventDate "2000.??.??"]

1. e4 d6 2. d4 g6 3. Nc3 Bg7 4. Nf3 Nf6 5. Be2 O-O 6. h3 e5 7. dxe5 dxe5 8.
Qxd8 Rxd8 9. Bg5 Re8 10. O-O-O h6 11. Be3 a6 12. g4 Nc6 13. Kb1 b5 14. Rhe1 Bb7
15. g5 hxg5 16. Nxg5 Nd4 17. Bd3 c5 18. f4 exf4 19. Bxf4 Rad8 20. Be3 Nd7 21.
Nd5 Ne5 22. Bf1 Nef3 23. Nxf3 Nxf3 24. Re2 Nd4 25. Bxd4 cxd4 26. Rf2 Rxe4 27.
Nf6+ Bxf6 28. Rxf6 Kg7 29. Rf2 Re3 30. a3 Bf3 31. Rdd2 f5 32. h4 Re1+ 33. Ka2
Bd5+ 34. b3 Kf6 35. Kb2 Be4 36. Ka2 Ke5 37. a4 bxa4 38. bxa4 Bd5+ 39. Ka3 Ra1+
40. Kb4 a5+ 41. Kxa5 Ra8+ 42. Kb6 R1xa4 43. Bb5 Rb8+ 44. Kc5 Rc8+ 45. Kb6 Raa8
46. Rg2 Rab8+ 47. Ka6 Bb7+ 48. Ka5 Bxg2 49. Rxg2 Rc5 50. Rxg6 Rcxb5+ 51. Ka6
Rb1 52. Ka7 R8b2 53. h5 Ra1+ 54. Ra6 Rxa6+ 55. Kxa6 Rxc2 56. h6 d3 57. Ka5 Rh2
58. Kb4 d2 59. h7 d1=Q 60. h8=Q+ Rxh8 61. Kc4 Qc2+ 62. Kb5 Rb8+ 63. Ka5 Qa2# {
Hossa checkmated} 0-1

[Event "ICS rated blitz match"]
[Site "204.178.125.65"]
[Date "2000.10.16"]
[Round "?"]
[White "Brabo"]
[Black "Hossa"]
[Result "0-1"]
[WhiteElo "2089"]
[BlackElo "2502"]
[PlyCount "78"]
[EventDate "2000.??.??"]

1. d4 d5 2. Nf3 e6 3. Bf4 Nf6 4. e3 Nbd7 5. Nbd2 Be7 6. Bd3 Nh5 7. Bg3 Nxg3 8.
hxg3 c5 9. c3 Bd6 10. dxc5 Nxc5 11. Nb3 Nxd3+ 12. Qxd3 f5 13. O-O-O Bd7 14. Kb1
Qe7 15. c4 dxc4 16. Qxd6 cxb3 17. axb3 Bc6 18. Rhg1 Qxd6 19. Rxd6 Ke7 20. Rd4
Kf6 21. Nd2 e5 22. Rh4 Rad8 23. Kc1 Rc8 24. Kb1 Rhd8 25. Nc4 b5 26. Na3 Rd2 27.
f3 h6 28. g4 fxg4 29. Rxg4 Rd3 30. Rc1 Rxb3 31. Ka2 Rxe3 32. Rc5 Bxf3 33. Rxc8
Bxg4 34. Rc6+ Be6+ 35. Kb1 Re1+ 36. Kc2 Re2+ 37. Kc3 b4+ 38. Kxb4 Rxb2+ 39. Kc3
Rb3+ {Brabo resigns} 0-1

[Event "ICS rated blitz match"]
[Site "204.178.125.65"]
[Date "2000.10.16"]
[Round "?"]
[White "Hossa"]
[Black "Brabo"]
[Result "0-1"]
[WhiteElo "2505"]
[BlackElo "2086"]
[PlyCount "110"]
[EventDate "2000.??.??"]

1. e4 c5 2. Nf3 e6 3. Nc3 Nc6 4. d4 cxd4 5. Nxd4 Qc7 6. Ndb5 Qb8 7. Bg5 a6 8.
Nd4 h6 9. Be3 Nf6 10. Bd3 Bb4 11. a3 Bxc3+ 12. bxc3 d5 13. exd5 Nxd5 14. Bd2
Qe5+ 15. Ne2 O-O 16. O-O Bd7 17. c4 Nf6 18. Bc3 Qh5 19. Qb1 Rab8 20. Bxf6 gxf6
21. Qb6 Ne5 22. Ng3 Qh4 23. Rfe1 Bc6 24. Red1 f5 25. Qc5 Ng4 26. h3 Nf6 27. Qe7
Rfe8 28. Qb4 f4 29. c5 a5 30. Qc4 Bd5 31. Qd4 e5 32. Qa4 Bc6 33. Qc4 e4 34. Nf5
Qg5 35. Nd6 exd3 36. g3 fxg3 37. Qxf7+ Kh8 38. Nxe8 gxf2+ 39. Kxf2 Rxe8 40.
Qxe8+ Bxe8 41. cxd3 Bc6 42. Ke2 Nd5 43. Rdc1 Qe3+ 44. Kf1 Nf4 45. Ra2 Qxc1+ 46.
Kf2 Qh1 47. a4 Qf3+ 48. Ke1 Qe3+ 49. Kd1 Bf3+ 50. Kc2 Qxd3+ 51. Kc1 Qc3+ 52.
Rc2 Nd3+ 53. Kb1 Qb3+ 54. Ka1 Qxc2 55. c6 Qb2# {Hossa checkmated} 0-1

[Event "ICS rated blitz match"]
[Site "204.178.125.65"]
[Date "2000.10.16"]
[Round "?"]
[White "Hossa"]
[Black "QueenMaxima"]
[Result "0-1"]
[WhiteElo "2476"]
[BlackElo "2495"]
[Annotator "Fritz 6 (60s)"]
[PlyCount "57"]
[EventDate "2000.??.??"]

1. d4 {D37: Damengambit (5.Lf4)} 1... e6 2. c4 Nf6 3. Nc3 d5 4. Nf3 Be7 5. e3
O-O 6. c5 {Weiss erobert Raum} 6... b6 7. cxb6 axb6 8. Bd2 Bd6 9. Ne5 Nfd7 10.
Nxd7 Nxd7 11. Nb5 Be7 12. Qc2 c5 13. Bd3 Ba6 14. dxc5 Nxc5 15. Be2 Qd7 16. Nc3
Bxe2 17. Nxe2 Qb5 18. Nc1 Bf6 19. Bc3 Qc4 {Schwarz plant d4} 20. f3 d4 (20...
Na4 $5 21. Ne2 $19) 21. exd4 $17 Bxd4 22. Qd2 Bxc3 23. Qxc3 Qb5 24. b3 Rac8 25.
f4 $2 (25. Qe3 $142 $17) 25... Rfd8 $19 26. Qf3 (26. a4 Qd7 27. O-O Nxb3 28.
Qxb3 Qd4+ 29. Kh1 Qxa1 30. Qxb6 Qxa4 31. Ne2 $19) 26... Qb4+ 27. Kf1 Qd4 28. g3
Qxa1 29. Kg2 0-1

[Event "ICS rated blitz match"]
[Site "204.178.125.65"]
[Date "2000.10.16"]
[Round "?"]
[White "QueenMaxima"]
[Black "Hossa"]
[Result "0-1"]
[WhiteElo "2510"]
[BlackElo "2461"]
[Annotator "Fritz 6 (60s)"]
[PlyCount "202"]
[EventDate "2000.??.??"]

1. e3 {A00: Unregelmaessige Eroeffnungen} 1... e5 2. Nc3 Nf6 3. Nf3 e4 4. Nd4
c5 5. Nb3 d5 6. f3 {Nimmt Einfluss auf g4} 6... Nc6 7. fxe4 dxe4 8. Na4 Bg4 9.
Be2 Bxe2 10. Qxe2 Nb4 11. Kd1 b6 12. Qb5+ Qd7 13. Qxd7+ Nxd7 14. Nc3 Nf6 15.
Nb5 (15. a3 Nbd5 $15) 15... Nbd5 16. Rf1 a6 17. Nc3 Nxc3+ 18. bxc3 Bd6 19. c4
Bxh2 20. Bb2 Kf8 21. a4 Nd7 22. Rf5 Bc7 23. a5 Bd6 (23... h5 $142 $5 $17) 24.
axb6 $11 Nxb6 25. Nxc5 Nxc4 26. Bd4 f6 {Der Gegner darf nicht nach e5} 27. Nxe4
Be5 28. Bxe5 Nxe5 29. Ra5 (29. d4 Nc4 30. Ke2 Ke7 $16) 29... Nc6 (29... Ke7 $5
$11 {ist zu beachten}) 30. Ra4 $14 Ke7 31. Nc5 g6 32. Rd5 Nb8 33. Re4+ Kf7 34.
Rf4 Ke7 35. Ke2 Ra7 36. Re4+ Kf7 37. Rh4 Ke7 38. c4 a5 39. d4 (39. Na4 $5 $14)
39... a4 $11 40. Ne4 a3 {Auf den muss Weiss aufpassen} 41. Rb5 (41. Rh1 Nd7 $11
) 41... h5 (41... a2 42. Rxb8 a1=Q 43. Rxh8 Ra2+ 44. Nd2 Qc3 45. R8xh7+ Kd6 46.
c5+ Kd5 47. Rd7+ Kc6 48. d5+ Kxd7 49. c6+ Kd8 $19) 42. Rh1 $11 Nd7 43. c5 {
Raumgewinn} 43... h4 44. Nd6 f5 45. Ra1 a2 46. Rb4 (46. Rb2 $5 Rha8 47. Rc2 $11
) 46... Nf6 $11 47. Rb6 Nd5 48. Rb3 Kf6 49. e4 fxe4 50. Nxe4+ Ke6 51. Nd6 Rf8
52. Rb2 Ra3 {Wenn er doch jetzt Re3 uebersaehe...} 53. Ke1 Nc3 (53... Re3+ $5
54. Re2 Rxe2+ 55. Kxe2 $19) 54. Rb4 Rf4 55. Nc4 Ra6 56. Nb6 Re4+ 57. Kf1 Ra7
58. Rc4 Re3 (58... Rf4+ 59. Kg1 Ne2+ 60. Kh2 $17) 59. Kg1 $2 (59. c6 $142 {
damit waere Weiss im Spiel geblieben} 59... Rf7+ 60. Kg1 $11) 59... Rd3 $19 60.
d5+ Kf5 61. c6 Rd1+ (61... Nxd5 $4 {vergiftet...} 62. Nxd5 Rxd5 63. c7 $18) 62.
Rxd1 Nxd1 {Aufpassen!} 63. Rc1 a1=R {Die Absicht ist Rxc1} 64. Rxa1 Rxa1 {
Schwarz droht stark Kf4} 65. c7 Ne3+ 66. Kf2 Ke4 {Das muss pariert werden} 67.
Nc4 Ra2+ (67... Nxc4 68. c8=Q) 68. Kg1 Ng4 {Droht immerhin Matt} ({
Weniger gut ist} 68... Nxc4 69. c8=Q Ne5 70. d6 $16) 69. Kf1 Ra8 70. c8=Q {
Kombination mit Doppelangriff} 70... Rxc8 {Hinlenkung nach c8} 71. Nd6+ {
Motiv: Doppelangriff} 71... Kxd5 72. Nxc8 g5 73. Ke2 Ke4 74. Nd6+ Kf4 75. Nc4 (
75. Nf7 Nf6 $19) 75... Kg3 76. Kf1 Kh2 77. Nd2 Ne5 78. Kf2 Nd3+ (78... Kh1 $142
$5 {ginge schneller} 79. Ne4 g4 80. g3 $19) 79. Kf3 Kg1 80. Ne4 $4 {
ein Fehler in schlechter Stellung} (80. Nc4 $19) 80... Ne5+ 81. Ke3 Ng4+ (81...
g4 $142 {liesse Weiss keine Chance} 82. Kf4 Kxg2 83. Kxe5 Kf3 $19) 82. Kd4 Kxg2
83. Nxg5 Kg3 84. Ke4 Nh6 85. Kd5 $4 {
auch bessere Zuege haetten die Partie nicht gerettet.} (85. Ke3 $142 $19) 85...
Nf7 $3 {ein gefaelliges Opfer} 86. Ne4+ (86. Nxf7 {Eine Ablenkung} 86... h3)
86... Kf3 87. Nd2+ Ke2 (87... Kg2 {gibt noch groesseren Vorteil} 88. Ke4 $19)
88. Ne4 (88. Ke4 {hilft auch nicht mehr} 88... h3 89. Nf3 Ng5+ 90. Kf4 Nxf3 $19
) 88... h3 89. Ng3+ (89. Ke6 $19 {ist ein letzter Versuch}) 89... Kf2 90. Nh1+
Kg2 91. Ke6 Kxh1 92. Kxf7 h2 93. Ke6 Kg2 94. Kd6 Kf3 95. Kd5 (95. Kc6 {
hilft allerdings auch nicht} 95... Ke4 96. Kc5 h1=Q 97. Kc6 Ke5+ 98. Kc7 Qa8
99. Kb6 Kd5 100. Kb5 Qb8+ 101. Ka5 Kc5 102. Ka4 Qb4#) 95... h1=Q 96. Ke5 (96.
Kd6 {macht keinen grossen Unterschied} 96... Ke4 97. Kc7 Qh6 98. Kb7 Kd5 99.
Kc7 Qc6+ 100. Kb8 Qd7 101. Ka8 Kc6 102. Kb8 Qb7#) 96... Qd1 97. Ke6 Kf4 98. Ke7
(98. Kf6 {holt die Kuh nicht vom Eis} 98... Qd6+ 99. Kg7 Qc7+ 100. Kf6 Qc6+
101. Kg7 Kf5 102. Kg8 Qd7 103. Kf8 Kf6 104. Kg8 Qg7#) 98... Kf5 99. Kf8 (99.
Kf7 {nuetzt auch nichts mehr} 99... Qd7+ 100. Kf8 Kf6 101. Kg8 Qg7#) 99... Kf6
100. Ke8 Qd2 101. Kf8 Qd8# 0-1

[Event "ICS rated blitz match"]
[Site "204.178.125.65"]
[Date "2000.10.16"]
[Round "?"]
[White "Hossa"]
[Black "QueenMaxima"]
[Result "1-0"]
[WhiteElo "2479"]
[BlackElo "2492"]
[Annotator "Fritz 6 (60s)"]
[PlyCount "237"]
[EventDate "2000.??.??"]

1. e4 {B40: Sizilianisch (Klassisches System mit e7-e6))} 1... c5 2. Nf3 e6 3.
b3 Nc6 4. Be2 Nf6 5. Nc3 d5 6. exd5 exd5 7. O-O Bd6 8. Nb5 O-O 9. Nxd6 Qxd6 10.
Re1 Bf5 11. d3 {Es geht um e4} 11... Rae8 12. c3 {
Verhindert das Eindringen auf b4+d4} 12... Re7 13. d4 Rfe8 14. Be3 b6 15. Nh4
Be4 16. Bb5 Re6 17. a3 {Deckt b4} 17... h6 {Punkt g5} 18. Ra2 Bh7 19. Nf3 Ng4
20. Bxc6 Qxc6 21. Bd2 Rxe1+ 22. Bxe1 Be4 23. Nd2 Bd3 {Will c4 spielen} 24. Nf3
c4 25. Rb2 Qd6 26. b4 Be4 27. Ne5 Nxe5 28. dxe5 Qxe5 {Mit der Idee Bc2} 29. Re2
Qb8 30. f3 Bd3 31. Rxe8+ Qxe8 32. Bf2 f6 33. a4 Qd7 34. Bd4 Kf7 35. a5 bxa5 36.
bxa5 Qe7 37. Qd2 Qa3 38. Bxa7 Qa1+ 39. Kf2 Qxa5 40. Bd4 Qc7 41. g3 Qb8 42. h3
h5 43. Qa2 Ke6 44. Qa6+ Kf5 45. Qb6 Qe8 46. g4+ Kg6 47. gxh5+ Kxh5 48. Qd6 Qe2+
49. Kg3 Qe1+ 50. Kh2 Qd2+ 51. Kg3 Qg5+ 52. Kh2 Kh6 53. Qe6 Qf4+ 54. Kg2 Qf5 55.
Qxf5 Bxf5 56. Be3+ Kh5 57. Kg3 Bd3 58. Bd4 Kg6 59. Kg4 Bf5+ 60. Kg3 Kf7 61. Be3
Ke7 62. Bc5+ Kd7 63. h4 g6 64. Kf2 Bc2 65. Ke3 Bd3 66. Bd4 Ke6 67. Bb6 Bc2 68.
Bd4 Kf5 69. Bb6 Bd3 70. Bc5 Bb1 71. Bd6 Ke6 72. Bc5 Bf5 73. Ba7 Bh3 74. Bb6 Ke7
75. Bc5+ Kf7 76. Kd4 Ke6 77. Ke3 Bf1 78. Ba7 f5 79. Bd4 Kd6 80. Kf4 Ke6 81. Ke3
Bd3 82. Kf4 Be2 83. Kg5 {Weiss aktiviert den Koenig} 83... Kf7 84. f4 Bd3 85.
Bc5 Be4 86. Bb6 Bf3 87. Bd4 Be2 88. Be3 Bd1 89. Bb6 Bh5 90. Bd4 Ke7 91. Bc5+
Ke6 92. Be3 Kd7 93. Kf6 Kc7 94. Ke6 Kc6 95. Bf2 Be2 96. Kf6 Bf1 $4 {
wirft den Vorteil weg} (96... Bh5 $142 $11 {ist gerade noch spielbar}) 97. Kxg6
$18 Bd3 (97... Be2 $18 {haette noch versucht werden koennen}) 98. h5 d4 (98...
Kb5 {aendert nichts mehr} 99. h6 $18) 99. Bxd4 Kd5 100. h6 Ke4 101. Kg5 Be2
102. h7 Bg4 103. h8=Q Kd3 104. Qa8 Be2 105. Kxf5 Kd2 106. Be3+ (106. Ke5 $142 {
und Weiss gewinnt} 106... Bd1 107. f5 Kc2 $18) 106... Kxe3 107. Qe4+ (107. Kg5
{und Weiss haette es noch leichter} 107... Bd3 108. Qd8 Ke2 $18) 107... Kf2 (
107... Kd2 {wuerde die Partie unwesentlich verlaengern} 108. Qd4+ Kc2 $18) 108.
Qxe2+ $1 {Er hatte sowieso materiellen Vorteil} 108... Kxe2 109. Ke4 Kd2 (
109... Kf2 {nuetzt auch nichts mehr} 110. f5 Kg2 111. f6 Kg3 112. f7 Kh4 113.
f8=Q Kg4 114. Qg8+ Kh5 115. Kf5 Kh4 116. Qg4#) 110. Kd4 Kd1 (110... Ke2 {
macht keinen grossen Unterschied} 111. f5 Ke1 112. f6 Kd2 113. f7 Kd1 114. f8=Q
Kc2 115. Kxc4 Kd2 116. Qf2+ Kc1 117. Qe2 Kb1 118. Kb3 Kc1 119. Qe1#) 111. f5
Kc2 (111... Ke2 {waere gleichermassen fruchtlos} 112. f6 Kf1 113. f7 Kg2 114.
Ke3 Kf1 115. f8=Q+ Kg2 116. Qg7+ Kf1 117. Qg4 Ke1 118. Qe2#) 112. f6 Kc1 (
112... Kb3 {holt die Kuh nicht vom Eis} 113. f7 Ka3 114. f8=Q+ Kb3 115. Qf2 Ka4
116. Qb2 Ka5 117. Kc5 Ka4 118. Qb4#) 113. f7 Kd2 (113... Kb1 {
waere gleichermassen fruchtlos} 114. Kxc4 Kb2 115. f8=Q Kc2 116. Qf2+ Kc1 117.
Qe2 Kb1 118. Kb3 Kc1 119. Qe1#) 114. f8=Q Ke2 (114... Kc2 {
aendert den Lauf der Dinge nicht} 115. Qa3 Kb1 116. Kxc4 Kc2 117. Qa2+ Kc1 118.
Kd3 Kd1 119. Qd2#) 115. Qf7 Kd2 (115... Ke1 {
aendert nichts am Ausgang der Partie} 116. Ke3 Kd1 117. Qf2 Kc1 118. Qa2 Kd1
119. Qd2#) 116. Qf2+ Kd1 117. Ke3 Kc1 118. Qa2 Kd1 119. Qb1# (119. Qd2#) 1-0

[Event "ICS rated blitz match"]
[Site "204.178.125.65"]
[Date "2000.10.16"]
[Round "?"]
[White "QueenMaxima"]
[Black "Hossa"]
[Result "1-0"]
[WhiteElo "2475"]
[BlackElo "2496"]
[Annotator "Fritz 6 (60s)"]
[PlyCount "179"]
[EventDate "2000.??.??"]

1. d4 {D21: Angenommenes Damengambit} 1... d5 2. c4 dxc4 3. Nf3 b5 4. a4 c5 5.
dxc5 Qxd1+ 6. Kxd1 b4 7. Bf4 Nf6 8. e3 Ba6 9. Nfd2 e6 10. Bxc4 Bxc4 11. Nxc4
Bxc5 12. Kc1 Nbd7 13. Rd1 Rc8 14. b3 Ng4 15. Ra2 e5 16. Bg3 h5 17. Rc2 Rc7 18.
Bh4 Rg8 19. Bg3 Rh8 20. h4 Rh6 21. Kb2 Rhc6 22. Rdc1 f6 23. Nbd2 Be7 24. f3 Nh6
25. e4 Bc5 26. f4 Ng4 27. Nf3 Ke7 28. fxe5 fxe5 29. Rd1 Re6 30. Ka2 Rc8 31.
Rcd2 Rc7 32. Ng5 Ra6 33. Rd5 Ngf6 34. R5d3 Ng4 35. R1d2 g6 36. Nf3 Re6 37. Kb2
Ke8 38. Ng5 Rec6 39. Ka2 Be7 40. Nf3 Nc5 41. Bxe5 Nxd3 42. Bxc7 Nc5 43. Ba5
Nxe4 44. Rc2 Rc8 45. Bxb4 Bxb4 46. Re2 Ngf6 47. Ng5 Kf8 48. Nxe4 Nd5 49. Rf2+
Kg7 50. Kb2 a5 51. Ned6 Rd8 52. Nb7 Ra8 53. g3 Kh7 54. Kc2 Be1 55. Rf3 Bb4 56.
Kd3 Kg7 57. Ke4 Nc3+ 58. Kd4 Ne2+ 59. Kd3 Nc1+ 60. Ke4 Ne2 61. Kd5 Ra7 62. Ncd6
Nc3+ 63. Ke6 Ra6 64. Ke5 Kh6 65. Rf6 Ra7 66. Nf5+ Kh7 67. Rf7+ Kg8 68. Nh6+ Kh8
69. Rd7 Ne2 70. Nf7+ Kg7 71. Ng5+ Kg8 72. Ne4 Nc3 $2 (72... Bc3+ $142 73. Ke6
Ra6+ 74. Nbd6 Rb6 $18) 73. Nf6+ Kf8 74. Rd8+ Kf7 75. Rh8 Kg7 (75... Be7 {
waere noch eine kleine Chance} 76. Nd8+ Bxd8 77. Rh7+ Kf8 78. Rxa7 Ne2 $18) 76.
Rg8+ Kh6 77. Ke6 Ra6+ 78. Kf7 Rxf6+ 79. Kxf6 Ne4+ 80. Kf7 Kh7 81. Rg7+ Kh6 (
81... Kh8 {bietet noch letzte Rettungschancen} 82. Kxg6 Bf8 83. Rh7+ Kg8 $18)
82. Nd8 (82. Kg8 g5 83. Nd8 Nf6+ 84. Kh8 gxh4 85. Nf7#) 82... Be7 (82... Ng5+ {
hilft auch nicht mehr} 83. Kg8 Bd6 84. Nf7+ Nxf7 85. Rh7#) 83. Ne6 (83. Kxe7 $6
{scheitert an} 83... Kxg7 84. Ne6+ Kh6 $14) 83... g5 (83... Nxg3 {
aendert nichts am Ausgang der Partie} 84. Kg8 g5 85. Nxg5 Bxg5 86. hxg5#) 84.
hxg5+ Nxg5+ 85. Nxg5 Bxg5 (85... h4 {aendert den Lauf der Dinge nicht} 86. g4
Bxg5 87. Rg6+ Kh7 88. Rxg5 h3 89. Rh5#) 86. Rg6+ Kh7 87. Rxg5 Kh6 88. Rxa5 h4
89. gxh4 Kh7 90. Rh5# 1-0

[Event "ICS rated blitz match"]
[Site "204.178.125.65"]
[Date "2000.10.16"]
[Round "?"]
[White "petrus"]
[Black "Hossa"]
[Result "0-1"]
[WhiteElo "1930"]
[BlackElo "2479"]
[PlyCount "25"]
[EventDate "2000.??.??"]

1. e4 e5 2. f4 exf4 3. Nf3 d5 4. e5 g5 5. d4 g4 6. Ng1 Qh4+ 7. Kd2 Qf2+ 8. Qe2
Qxd4+ 9. Ke1 Be7 10. g3 f3 11. Qe3 Bc5 12. Qxd4 Bxd4 13. Bf4 {petrus resigns}
0-1

[Event "ICS rated blitz match"]
[Site "204.178.125.65"]
[Date "2000.10.16"]
[Round "?"]
[White "Hossa"]
[Black "petrus"]
[Result "1-0"]
[WhiteElo "2480"]
[BlackElo "1929"]
[PlyCount "45"]
[EventDate "2000.??.??"]

1. e4 e5 2. Nf3 Nc6 3. d4 exd4 4. Nxd4 d6 5. Nxc6 bxc6 6. Bd3 c5 7. Nc3 Bb7 8.
O-O Nf6 9. Bf4 Be7 10. e5 dxe5 11. Bxe5 Bd6 12. Bxf6 Qxf6 13. Re1+ Kd7 14. Qg4+
Kd8 15. Rad1 h5 16. Qa4 h4 17. Qb5 Rb8 18. Ne4 Qf4 19. Nxd6 cxd6 20. Bf5 Bc8
21. Qxb8 Qxf5 22. Re7 Kxe7 23. Qxd6+ {petrus resigns} 1-0

[Event "ICS rated blitz match"]
[Site "204.178.125.65"]
[Date "2000.10.16"]
[Round "?"]
[White "QueenMaxima"]
[Black "Hossa"]
[Result "1-0"]
[WhiteElo "2493"]
[BlackElo "2481"]
[PlyCount "145"]
[EventDate "2000.??.??"]

1. d4 d5 2. c4 dxc4 3. Nf3 Bf5 4. Nc3 Nf6 5. e3 e6 6. Bxc4 Be7 7. O-O O-O 8.
Qb3 Nc6 9. Qxb7 Na5 10. Qa6 Nxc4 11. Qxc4 Ne4 12. Bd2 Bd6 13. Nb5 Qd7 14. Ba5
Rab8 15. a4 a6 16. Nxd6 cxd6 17. b4 Qb7 18. Rfc1 Rfc8 19. Qf1 Bg4 20. Nh4 Rxc1
21. Rxc1 Bh5 22. f3 Nf6 23. Rc7 Qa8 24. g4 Nd5 25. gxh5 Nxc7 26. Bxc7 Rxb4 27.
Bxd6 Rxa4 28. h6 Qd8 29. Bg3 Qa5 30. Ng2 g6 31. Be1 Qc7 32. Qe2 Rc4 33. Bg3
Rc1+ 34. Ne1 Qc3 35. Kf1 Ra1 36. h4 Qb3 37. h5 gxh5 38. Bd6 Ra2 39. Qd3 Qb2 40.
Bg3 Qb4 41. Kg1 f5 42. Ng2 Qb2 43. Qf1 Kf7 44. Kh2 Kg6 45. Bf4 Qc3 46. Kh3 Kf7
47. Qg1 Ra1 48. Qf2 Qc6 49. Bh2 Rc1 50. Qg3 Ke7 51. Qg7+ Kd8 52. Qf8+ Qe8 53.
Qd6+ Qd7 54. Qxa6 Qd5 55. Qb6+ Ke8 56. Qb8+ Kd7 57. Qg3 Rf1 58. Qc7+ Ke8 59.
Bd6 Rh1+ 60. Kg3 f4+ 61. exf4 h4+ 62. Nxh4 Qxd6 63. Qxd6 Rc1 64. f5 Rg1+ 65.
Kf2 Rb1 66. f6 Rb2+ 67. Kg1 Rb1+ 68. Kh2 Rb7 69. Qc6+ Rd7 70. Qc8+ Rd8 71.
Qxe6+ Kf8 72. Qe7+ Kg8 73. Qg7# {Hossa checkmated} 1-0

[Event "ICS rated blitz match"]
[Site "204.178.125.65"]
[Date "2000.10.16"]
[Round "?"]
[White "Hossa"]
[Black "QueenMaxima"]
[Result "1-0"]
[WhiteElo "2466"]
[BlackElo "2508"]
[PlyCount "179"]
[EventDate "2000.??.??"]

1. e4 c5 2. Nf3 e6 3. Nc3 d6 4. d4 cxd4 5. Nxd4 Nf6 6. Bb5+ Nbd7 7. O-O Be7 8.
Qd3 a6 9. Ba4 O-O 10. Qg3 Kh8 11. Rd1 Nc5 12. e5 Nh5 13. Qf3 Nxa4 14. Nxa4 Qa5
15. b3 Qxe5 16. Nb6 Rb8 17. Nxc8 Rfxc8 18. Qxf7 Bf6 19. Be3 Re8 20. Nf3 Qf5 21.
Nd4 Qe5 22. Nf3 Qf5 23. Nd4 Qe5 24. Qc7 Nf4 25. Bxf4 Qxf4 26. c3 Be5 27. Nf3
Rec8 28. Qe7 Bxc3 29. Rac1 Rc6 30. Qxe6 Rf8 31. Qd7 Rf7 32. Qe8+ Rf8 33. Qd7
Qb4 34. Rc2 Qe4 35. Rdc1 Qb4 36. Qe6 Qa5 37. Qe7 Rb8 38. Ng5 d5 39. Nf7+ Kg8
40. Nd6 Kh8 41. Nxb7 Qb6 42. Rxc3 Rxc3 43. Rxc3 Qd4 44. Re3 h6 45. Re1 Qd2 46.
Nd6 Qc3 47. Rf1 Rg8 48. Nf7+ Kh7 49. Qd6 Qd3 50. Ne5 Qe4 51. Nd7 Qf5 52. Nc5 a5
53. Qa6 Re8 54. Qxa5 Re2 55. a4 d4 56. Qa6 Rb2 57. Qd6 Rd2 58. Ne6 d3 59. Qd7
Qe5 60. b4 Qc3 61. b5 Rc2 62. Nf4 d2 63. Qf5+ Kg8 64. Qd5+ Kh8 65. Ng6+ Kh7 66.
Qf5 Qc8 67. Ne7+ Qxf5 68. Nxf5 Ra2 69. b6 Rb2 70. a5 Rb5 71. g4 Rxa5 72. b7 Rb5
73. Nd6 Rb4 74. f3 Kg6 75. Rd1 Kf6 76. Rxd2 Ke6 77. Kf2 g6 78. Ne4 Ke7 79. Nc5
Ke8 80. Rd3 Rb2+ 81. Kg3 Rxb7 82. Nxb7 Kf7 83. Kf4 Kg7 84. Ke5 g5 85. Rd7+ Kg8
86. Kf6 h5 87. gxh5 g4 88. fxg4 Kh8 89. Kg6 Kg8 90. Rd8# {
QueenMaxima checkmated} 1-0

[Event "ICS rated blitz match"]
[Site "204.178.125.65"]
[Date "2000.10.16"]
[Round "?"]
[White "QueenMaxima"]
[Black "Hossa"]
[Result "0-1"]
[WhiteElo "2490"]
[BlackElo "2484"]
[PlyCount "106"]
[EventDate "2000.??.??"]

1. d4 e6 2. e3 Nf6 3. Bd3 d5 4. f4 c5 5. c3 Nc6 6. Nf3 Qc7 7. O-O c4 8. Bc2 Be7
9. b3 b5 10. bxc4 bxc4 11. Ne5 Bb7 12. Ba3 Bxa3 13. Nxa3 a6 14. Rb1 Rc8 15. Rf3
Ba8 16. Rg3 g6 17. Rg5 h6 18. Rg3 h5 19. Rg5 h4 20. Nxc6 Bxc6 21. Qf1 Nh7 22.
Re5 Nf8 23. Rg5 Qd6 24. Qc1 Nh7 25. Rg4 Qd8 26. Kh1 Nf6 27. Rg5 h3 28. g3 Rg8
29. Qb2 Nd7 30. Rg4 Rh8 31. Qc1 Nf6 32. Rg5 Rf8 33. Qb2 Nd7 34. Bd1 Rb8 35. Qc2
Nf6 36. Bg4 Rxb1+ 37. Nxb1 Rh8 38. Nd2 Nxg4 39. Rxg4 Qd7 40. Qc1 Rh6 41. Nf3
Ba4 42. Ne5 Qb7 43. Kg1 Rh7 44. Kf2 a5 45. Qa3 Bd1 46. Rg5 Qb1 47. Qf8+ Kxf8
48. Nxg6+ fxg6 49. Rf5+ gxf5 50. Ke1 Qc2 51. Kf1 Qxa2 52. e4 Qe2+ 53. Kg1 Qe1#
{QueenMaxima checkmated} 0-1

[Event "ICS rated blitz match"]
[Site "204.178.125.65"]
[Date "2000.10.16"]
[Round "?"]
[White "Colorado"]
[Black "Hossa"]
[Result "1-0"]
[WhiteElo "2652"]
[BlackElo "2500"]
[PlyCount "89"]
[EventDate "2000.??.??"]

1. e4 e5 2. Nf3 Nf6 3. Nxe5 Qe7 4. d4 d6 5. Nf3 Qxe4+ 6. Be2 Bf5 7. c4 Be7 8.
Nc3 Qe6 9. O-O O-O 10. Re1 Qc8 11. Nh4 Bd7 12. Bf4 Re8 13. h3 Nc6 14. Qd2 Ne4
15. Nxe4 Bxh4 16. Bf3 a6 17. c5 dxc5 18. Nxc5 Bf6 19. Rac1 Rxe1+ 20. Rxe1 Be8
21. Re4 Bd7 22. d5 Na7 23. Re1 Nb5 24. d6 Nxd6 25. Bxd6 cxd6 26. Bxb7 Qxc5 27.
Bxa8 a5 28. Rd1 Be5 29. Bd5 Qb6 30. b3 Qa7 31. Rc1 Bf5 32. Qg5 g6 33. Qd8+ Kg7
34. Rc7 Qd4 35. Rxf7+ Kh6 36. Bc4 d5 37. Qe7 Bf6 38. Rxf6 Qd1+ 39. Bf1 Qc2 40.
Rf7 g5 41. Rf6+ Bg6 42. Qf8+ Kh5 43. g4+ Kh4 44. Qh6+ Bh5 45. Qxh5# {
Hossa checkmated} 1-0